00282nam a2200097 a 450000500170000000800410001724500690005826000270012799900170015404000130017120201002031445.0130513s2004 000 spa d 0aMemoria 2003 : Cooperativa de ahorro y créditos maimón, inc. aMaimón, Bonao,cs.f. c38494d38494 aDO-SdBNP